000 00381pam a2200133 a 4500
020 _a0060433175
050 0 0 _aTA153
_b.J49 1986
100 1 _aJewell, Thomas K.
245 1 2 _aA systems approach to civil engineering planning and design /
_cThomas K. Jewell.
260 _aNew York :
_bHarper & Row,
_cc1986.
300 _axiv, 555 p. :
500 _aIncludes index.
942 _2lcc
_cGEN
999 _c9308
_d9308